000 00581cam a22001938i 4500
999 _c121868
_d121868
001 21296146
005 20210408165901.0
008 191108s2020 mau b 001 0 eng
020 _a9781558444003
040 _cPK-LaUMT
082 0 0 _a711.4
_bGOO-S
100 1 _aGoodspeed, Robert
245 1 0 _aScenario planning for cities and regions :
_bmanaging and envisioning uncertain futures /
_cby Robert Goodspeed
260 _aCambridge :
_bLincoln Institute of Land Policy,
_c2020
300 _a240 p.
650 0 _aCity planning.
650 0 _aRegional planning.
942 _cBK